00586 2200217 4500001002100000005001700021008004100038020001800079035002500097090001700122100001800139245004000157250001100197260003500208300003700243440001300280500003000293650001700323850001200340990001600352YOGYA-0209000001733120150710100610.0 ind  a979-489-252-1 a0010-020900000017331 a632.9bSuy H aSuyanto, Agus aHama sayur dan buahc/ Agus Suyanto aCet. 1 aJakartabPenebar Swadayac1994 avii, 116 hlm. :bilus. ;c21 cm. aSeri PHT aBibliografi : hlm.111-112 aHama Tanaman aYOPDYOG a115710-P/98